Pays d’europe - Statistiques

Statistiques générales
  • Ce quiz a été pris 136 fois
  • Le résultat moyen est 7 sur 7
Answers on the Grid
Answers color-coded by a green-red scale on the quiz's grid according to % correct below.
France
Allemagne
Botswana
Malte
Singapour
Belize
Saint marin
Tanzanie
Ile de man
Estonie
Japon
Albanie
 
Statistiques - réponses
Réponse % Correct
France
99%
Allemagne
98%
Malte
97%
Saint marin
96%
Estonie
95%
Albanie
94%
Ile de man
80%
Aucun quiz correspondant
Distribution des résultats
% des personnes avec chaque résultat
Percentile par nombre de réponses
Votre historique - résultats
Vous n’avez pas pris ce quiz